| 000 | 00486nam a2200169Ia 4500 | ||
|---|---|---|---|
| 003 | OSt | ||
| 005 | 20201023113705.0 | ||
| 008 | 190216s9999||||xx |||||||||||||| ||und|| | ||
| 040 | _coclc | ||
| 082 |
_a923.2 _bBHA/G |
||
| 100 |
_aBhargava, G S _96079 |
||
| 245 | 0 |
_aV V Giri Portrait Of A President / _cG S Bhargava |
|
| 260 |
_bPaperbacks, _c1967. _aNew Delhi: |
||
| 300 | _a162p | ||
| 650 | _aEnglish Literature | ||
| 942 |
_cBK _2ddc _h923.2 _iBHA/G _k923.2 _mBHA/G |
||
| 999 |
_c12180 _d12180 |
||